Nachbarländer Mosambiks - Statistiken

Allgemein
  • Dieses Quiz wurde 14 mal gespielt
  • Das Durchschnittsergebnis liegt bei 6 aus 6
Antwortstatistiken
Länge Land % Korrekt
439 km Sambia
100%
1402 km Simbabwe
100%
496 km Südafrika
100%
840 km Tansania
100%
108 km Eswatini
85%
1498 km Malawi
77%
Keine übereinstimmenden Quizze gefunden
Verteilung der Resultate
Anzahl Personen mit jedem Resultat
Perzentil nach korrekt beantworteten Fragen
Ihre Resultats-Entwicklung
Sie haben dieses Quiz noch nicht gespielt